Management and volunteering in organizations
Formy a charakteristika mimovládnych oprganizácií. Oblasti činnosti mimovládnych organizácií. Občianske združenia. Občianske združenie Gamajun a jeho projekt Vedomostná súťaž. Dobrovoľná činnosť učiteľov.
Guardado en:
| Autor principal: | |
|---|---|
| Otros Autores: | , |
| Formato: | Capítulo de libro |
| Lenguaje: | eslovaco |
| Materias: | |
| Etiquetas: |
Sin Etiquetas, Sea el primero en etiquetar este registro!
|
MARC
| LEADER | 00000naa$a2200000$$$4500 | ||
|---|---|---|---|
| 001 | 0221907 | ||
| 005 | 20240502083549.6 | ||
| 041 | 0 | |a slo | |
| 044 | |a UA | ||
| 245 | 1 | 0 | |a Management and volunteering in organizations |c A. Tarča, M. Bosák, J. Dugas |
| 520 | |a Formy a charakteristika mimovládnych oprganizácií. Oblasti činnosti mimovládnych organizácií. Občianske združenia. Občianske združenie Gamajun a jeho projekt Vedomostná súťaž. Dobrovoľná činnosť učiteľov. | ||
| 610 | 2 | 0 | |a organizácie nevládne |
| 610 | 2 | 0 | |a združenia občianske |
| 610 | 2 | 0 | |a dobrovoľníctvo |
| 610 | 2 | 0 | |a sektor terciárny |
| 610 | 2 | 0 | |a školy základné |
| 610 | 2 | 0 | |a súťaže |
| 610 | 2 | 0 | |a učitelia |
| 610 | 2 | 0 | |a žiaci |
| 610 | 2 | 0 | |a vedomosti |
| 100 | 1 | |a Tarča, Alexander | |
| 700 | 1 | |a Bosák, Martin, 1967- | |
| 700 | 1 | |a Dugas, Jaroslav, 1967- | |